Los árabes: del Imperio otomano a la actualidad
Sparad:
| Huvudupphovsman: | |
|---|---|
| Materialtyp: | Bok |
| Språk: | spanska |
| Publicerad: |
Barcelona
Crítica
2011
|
| Upplaga: | 1a. ed |
| Ämnen: | |
| Taggar: |
Lägg till en tagg
Inga taggar, Lägg till första taggen!
|
MARC
| LEADER | 00000cam a2200000 a 4500 | ||
|---|---|---|---|
| 001 | UCF2943 | ||
| 003 | CL-VaPUC | ||
| 008 | 120914e20110000SP |||||||||||||||||spa|d | ||
| 020 | |a 9788498922288 | ||
| 082 | 0 | 4 | |a 953 |b ROG |2 21 |
| 100 | 0 | |a Rogan, Eugene |e author |9 564811 | |
| 245 | 1 | 4 | |a Los árabes: del Imperio otomano a la actualidad |
| 250 | |a 1a. ed | ||
| 300 | |a 854 p | ||
| 942 | |c BK | ||
| 945 | |d 20120914 00:00:00 |a cmena | ||
| 260 | |a Barcelona |b Crítica |c 2011 | ||
| 650 | 0 | |a Árabes |9 316264 | |
| 650 | 7 | |a IMPERIO ISLAMICO |2 CL-VaPUC |9 316263 | |
| 650 | 7 | |a HISTORIA DE ARABIA |2 CL-VaPUC |9 445232 | |
| 650 | 0 | |a Desarrollo económico y social |9 256320 | |
| 583 | |a last modification |c 20120914 00:13:00 |k Rodrigo Vera | ||
| 999 | |c 349481 |d 349479 | ||
| 952 | |0 0 |1 0 |4 0 |6 953_000000000000000_ROG_2011 |7 0 |8 A |9 452107 |a BIBGIM |b BIBGIM |d 2019-11-22 |i 4909682 |o 953 ROG 2011 |p 4909682 |r 2025-01-15 |w 2019-11-22 |y BK |k ARA | ||